| 000 | 00664nam a2200193 i 4500 | ||
|---|---|---|---|
| 001 | 46248 | ||
| 003 | ES-MaACL | ||
| 005 | 20230906161341.0 | ||
| 007 | t| | ||
| 008 | 030328s1933 ck ||||1| spa d | ||
| 245 | 0 | 0 |
_aCompilación Parlamentaria y Administrativa... / _cedición dirigida, concordada y anotada por Horacio Valencia Arango. |
| 250 | _a3ª ed. | ||
| 260 |
_aBogotá : _b[s.n., _c1933] ( _fImp. Nacional) |
||
| 300 |
_a718 p. ; _c26 cm. |
||
| 500 | _aPrecede al tít.: República de Colombia. | ||
| 700 | 1 |
_aValencia Arango, Horario. _9112571 |
|
| 710 | 1 |
_aColombia. _bPresidencia de la República. _9142476 |
|
| 852 |
_aES-MaACL _jF-15431 _bR.19466 |
||
| 999 |
_c46248 _d46248 |
||